000 00333nam a2200133 4500
005 20260530115305.0
100 1 _aCristiane Giraud
_931877
245 1 0 _aBibliotheque Nationale de France
264 1 _bBNP
_c1997
300 _a64 páginas
336 _atexto
_2rdacontent
337 _asin medio
_2rdamedia
338 _avolumen
_2rdacarrier
999 _c13065
_d13065